Crisis and commitment: life history of a French social movement (Record no. 654605)
[ view plain ]
| 000 -LEADER | |
|---|---|
| fixed length control field | 00758nam a2200229Ia 4500 |
| 003 - CONTROL NUMBER IDENTIFIER | |
| control field | OSt |
| 005 - DATE AND TIME OF LATEST TRANSACTION | |
| control field | 20260324100357.0 |
| 008 - FIXED-LENGTH DATA ELEMENTS--GENERAL INFORMATION | |
| fixed length control field | 220923b |||||||| |||| 00| 0 eng d |
| 037 ## - SOURCE OF ACQUISITION | |
| Terms of availability | General Book |
| 040 ## - CATALOGING SOURCE | |
| Original cataloging agency | RTL |
| Transcribing agency | RTL |
| Language of cataloging | eng |
| 041 ## - LANGUAGE CODE | |
| Source of code | eng |
| Language code of text/sound track or separate title | eng |
| 100 ## - MAIN ENTRY--PERSONAL NAME | |
| Personal name | Alland Alexander |
| 9 (RLIN) | 17656 |
| 245 #0 - TITLE STATEMENT | |
| Title | Crisis and commitment: life history of a French social movement |
| 260 ## - PUBLICATION, DISTRIBUTION, ETC. | |
| Place of publication, distribution, etc. | Switzerland |
| Name of publisher, distributor, etc. | Gordon and Breach |
| Date of publication, distribution, etc. | 1994 |
| 300 ## - PHYSICAL DESCRIPTION | |
| Extent | xxxv, 190 p. |
| Other physical details | Includes bibliographical references and index |
| 490 ## - SERIES STATEMENT | |
| Series statement | Library of Anthropology |
| 500 ## - GENERAL NOTE | |
| General note | Bibliography: P 171-76 |
| 650 ## - SUBJECT ADDED ENTRY--TOPICAL TERM | |
| Topical term or geographic name entry element | Social Movements |
| 9 (RLIN) | 34468 |
| 700 ## - ADDED ENTRY--PERSONAL NAME | |
| Personal name | Alland Sonia |
| 9 (RLIN) | 337328 |
| Relator term | Co-author |
| 942 ## - ADDED ENTRY ELEMENTS (KOHA) | |
| Classification part | Y:47.53.N9, N4 |
| Koha item type | General Books |
| Source of classification or shelving scheme | Colon Classification (CC) |
| Withdrawn status | Lost status | Source of classification or shelving scheme | Damaged status | Not for loan | Home library | Current library | Date acquired | Total Checkouts | Full call number | Barcode | Date last seen | Price effective from | Koha item type |
|---|---|---|---|---|---|---|---|---|---|---|---|---|---|
| Colon Classification (CC) | Ratan Tata Library | Ratan Tata Library | 2022-09-26 | Y:47.53.N9, N4 | RT1133774 | 2022-09-26 | 2022-09-26 | General Books |
